000 00760nam a2200241Ia 4500
003 OSt
005 20240524100011.0
008 210716s2012 xx 000 0 und d
020 _a9781861977168
040 _cAIMIT LIBRARY
041 _aeng
082 _a374.22
_21
_bPETT
100 _aPeters, Tom.
_9167339
245 _aIn search of excellence :
_blessons from America's best-run companies /
_cBy Thomas J Peters and Robert H Waterman.
250 _a1st ed.
260 _aLondon :
_c2012.
_bProfile Books ,
300 _axxiv;360p. ;
_bPB
_c19.7 cm
650 _aThe saving remnant
_9167340
650 _aToward new theory
_9167341
650 _aBack to basics
_9167342
700 _aWaterman, Robert H.
_9167343
942 _2ddc
_cBK
_e1st
_k374.22 PETT
999 _c207481
_d207481